[Event "zt 2.5"]
[Site "Asuncion PAR"]
[Date "2011.05.21"]
[Round "6"]
[White "Jodorcovsky,P"]
[Black "Valdes Escobar,A"]
[Result "1/2-1/2"]
[WhiteElo "2182"]
[BlackElo "2419"]

1.e4 c5 2.Nf3 d6 3.Bb5+ Nd7 4.c3 Nf6 5.Qe2 e6 6.d4 cxd4 7.cxd4 d5 8.e5 Ne4
9.Nbd2 Nxd2 10.Bxd2 Be7 11.O-O O-O 12.Rfe1 a5 13.Rac1 Nb6 14.a3 Bd7 15.Bd3 Na4
16.Rc2 Nb6 17.Rec1 Ra7 18.Qe1 Na8 19.Qe2 Nb6 20.Qe1 Na8 21.Qe2 Nb6  1/2-1/2

[Event "46th Capablanca Memorial Open A"]
[Site "Havana CUB"]
[Date "2011.05.21"]
[Round "10.10"]
[White "Borges Feria,Y"]
[Black "Vera Gonzalez Quevedo,R"]
[Result "1/2-1/2"]
[WhiteElo "2406"]
[BlackElo "2500"]

1.e4 c5 2.Nf3 d6 3.Bb5+ Bd7 4.Bxd7+ Nxd7 5.O-O Ngf6 6.Re1 e6 7.d3 Be7 8.e5 dxe5
9.Nxe5 O-O 10.Nc3 Nxe5 11.Rxe5 Bd6 12.Re1 h6 13.Ne4 Nxe4 14.Rxe4 Qf6 15.Rb1 Rfd8  1/2-1/2

[Event "46th Capablanca Memorial Open A"]
[Site "Havana CUB"]
[Date "2011.05.21"]
[Round "10.16"]
[White "Pina Vega,S"]
[Black "Ibarra Chami,L"]
[Result "1/2-1/2"]
[WhiteElo "2298"]
[BlackElo "2514"]

1.e4 c5 2.Nf3 d6 3.Bb5+ Nd7 4.c3 Nf6 5.Qe2 a6 6.Ba4 b5 7.Bc2 e5 8.O-O Be7
9.d4 Qc7 10.dxe5 dxe5 11.a4 Rb8 12.axb5 axb5 13.b3 O-O 14.Bg5 h6 15.Bh4 Re8
16.Na3 Ba6 17.Rfd1 Nf8 18.Bxf6 Bxf6 19.Bd3 Qc6 20.c4 b4 21.Nc2 Bc8 22.Ne3 Bg4
23.Nd5 Bg5 24.Nxe5 Bxe2 25.Nxc6 Bxd1 26.Nxb8 Rxb8 27.Rxd1 Ne6 28.e5 Ra8 29.Rb1 Bf4
30.Ne7+ Kf8 31.Nc6 Nd8 32.Be4 Nxc6 33.Bxc6 Ra2 34.Kf1 Bxe5 35.Re1 f6 36.g3 g5
37.h3 Rb2 38.Ba4 Rd2 39.Re2 Rd3 40.Re3 Rxe3 41.fxe3 Bxg3 42.Kg2 Be1 43.e4 Ke7
44.Kf3 Ke6 45.Kg4 Ke5 46.Bc6  1/2-1/2

[Event "Trophee Roza Lallemand"]
[Site "Chalons en Champagne FRA"]
[Date "2011.05.22"]
[Round "6.6"]
[White "Richard,E"]
[Black "De Seroux,C"]
[Result "0-1"]
[WhiteElo "2073"]
[BlackElo "2086"]

1.e4 c5 2.Nf3 d6 3.Bb5+ Bd7 4.Bxd7+ Qxd7 5.O-O Nc6 6.c3 g6 7.d4 cxd4 8.cxd4 Bg7
9.Nc3 Nf6 10.Qe2 O-O 11.Rd1 e6 12.Bg5 h6 13.Bh4 g5 14.Bg3 Nh5 15.Rac1 a6
16.Ne5 dxe5 17.Qxh5 exd4 18.Na4 Qe7 19.Nc5 Rac8 20.Nd3 Nb4 21.Rxc8 Rxc8 22.h4 Nxd3
23.Rxd3 Rc1+ 24.Kh2 Qb4 25.f4 Qxb2 26.fxg5 Qb1 27.Kh3 Qxd3 28.gxh6 Rh1+ 29.Kg4 Qxe4+  0-1

[Event "Trophee Roza Lallemand"]
[Site "Chalons en Champagne FRA"]
[Date "2011.05.22"]
[Round "9.6"]
[White "Neuhauser,S"]
[Black "Haussernot,C"]
[Result "0-1"]
[WhiteElo "2073"]
[BlackElo "2040"]

1.e4 c5 2.Nf3 d6 3.Bb5+ Nd7 4.O-O Nf6 5.Re1 a6 6.Bf1 e6 7.c4 Be7 8.Nc3 O-O
9.d4 b6 10.e5 dxe5 11.dxe5 Ne8 12.Bd3 f5 13.exf6 Ndxf6 14.Ng5 Nc7 15.Qc2 h6
16.Nf3 Bb7 17.Ne5 Bd6 18.f3 b5 19.b3 Bxe5 20.Rxe5 Qd4+ 21.Re3 b4 22.Rb1 bxc3
23.Kh1 Rad8 24.Be2 Ng4 25.fxg4 Qd1+  0-1

[Event "ch-KAZ 2011"]
[Site "Astana KAZ"]
[Date "2011.05.23"]
[Round "8"]
[White "Kuderinov,K"]
[Black "Akkozov,B"]
[Result "1-0"]
[WhiteElo "2480"]
[BlackElo "2369"]

1.e4 c5 2.Nf3 d6 3.Bb5+ Nd7 4.c3 Nf6 5.Qe2 a6 6.Ba4 g6 7.O-O Bg7 8.d4 b5
9.Bc2 cxd4 10.cxd4 Nb6 11.h3 O-O 12.Bg5 h6 13.Be3 Nc4 14.Bc1 Nb6 15.Rd1 Bb7
16.e5 Nfd5 17.Nc3 Nxc3 18.bxc3 Bd5 19.Bb3 Qc8 20.Rd3 Qc6 21.Bf4 Nc4 22.Re1 a5
23.Nh4 a4 24.Bd1 dxe5 25.dxe5 Rfd8 26.Rg3 Ra6 27.Nf3 Qe8 28.Nd4 Bb7 29.Bc2 Bc8
30.Bd3 Be6 31.h4 Rd5 32.h5 g5 33.Qe4 Kf8 34.Qh7 f6 35.exf6 exf6 36.Bxc4 bxc4
37.Bc1 Qd7 38.Ba3+ Kf7 39.Rge3 Re5 40.Rxe5 fxe5 41.Rxe5 Ke8 42.Qg8+  1-0

[Event "ch-Siberia Men"]
[Site "Barnaul RUS"]
[Date "2011.05.23"]
[Round "4"]
[White "Fellenger,A"]
[Black "Rykov,I"]
[Result "0-1"]
[WhiteElo "2101"]
[BlackElo "2305"]

1.e4 c5 2.Nf3 d6 3.Bb5+ Nd7 4.d4 cxd4 5.Qxd4 a6 6.Bxd7+ Bxd7 7.Nc3 e5 8.Qd3 h6
9.O-O Rc8 10.a4 Nf6 11.a5 Be6 12.Re1 Be7 13.Be3 O-O 14.Bb6 Qd7 15.Nh4 g6
16.g3 Kh7 17.Ng2 Bc4 18.Qd2 Qh3 19.Ne3 Be6 20.Ncd5 Nxe4 21.Qe2 Bd8 22.Ra4 Bxd5
23.Nxd5 Nc5 24.Rc4 Bxb6 25.Nxb6 Rcd8 26.b4 Ne6 27.Qe4 Ng5 28.Qg2 Qf5 29.Re3 e4
30.h4 Nf3+ 31.Kh1 d5 32.Rc5 Qe6 33.Rxf3 exf3 34.Qxf3 Qh3+ 35.Kg1 Rde8 36.Qd1 Re6
37.Qf1 Qg4 38.Nxd5 Rfe8 39.Kh2 Qd4 40.c3 Qd2 41.Kg2 Kh8 42.Nc7 Re1 43.Qc4 R8e7
44.Nd5 R7e4 45.Rc8+ Kg7 46.Qc5 Re8 47.Rc7 Qd1 48.Qd4+ Qxd4 49.cxd4 Rd8 50.Nf4 Rxd4
51.Rxb7 g5 52.hxg5 hxg5 53.Nh3 g4 54.Nf4 Rdd1  0-1

[Event "1st Alimini Village Open"]
[Site "Otranto ITA"]
[Date "2011.05.23"]
[Round "3"]
[White "Glek,I"]
[Black "Sreeves,C"]
[Result "1-0"]
[WhiteElo "2424"]
[BlackElo "2173"]

1.e4 c5 2.Nf3 d6 3.Bb5+ Bd7 4.Bxd7+ Qxd7 5.O-O Nf6 6.d3 e6 7.a3 Nc6 8.Qe1 Be7
9.b4 b6 10.Bb2 O-O 11.b5 Na5 12.a4 c4 13.Bxf6 Bxf6 14.d4 d5 15.Nc3 Rad8 16.Rd1 Qc7
17.Qe3 Be7 18.Rb1 dxe4 19.Qxe4 Bf6 20.Rfd1 Nb7 21.Qe3 Nd6 22.g4 Qb7 23.Rd2 h6
24.Rbd1 Rfe8 25.Ne5 Nc8 26.Nc6 Rd7 27.Ne4 Bd8 28.d5  1-0

[Event "ch-Moscow Final"]
[Site "Moscow RUS"]
[Date "2011.05.24"]
[Round "3"]
[White "Vorobiov,E"]
[Black "Dubov,Danii"]
[Result "1-0"]
[WhiteElo "2570"]
[BlackElo "2505"]

1.e4 c5 2.Nf3 d6 3.Bb5+ Bd7 4.Bxd7+ Qxd7 5.O-O Nf6 6.Re1 Nc6 7.c3 e6 8.d4 d5
9.Ne5 Qc7 10.exd5 Nxe5 11.Bf4 Nxd5 12.Bxe5 Bd6 13.Qa4+ Ke7 14.Na3 Nb6 15.Qd1 Bxe5
16.dxe5 Rhd8 17.Qh5 g6 18.Qh4+ Kf8 19.Qxh7 a6 20.Re3 Rd5 21.Qh8+ Ke7 22.Qf6+ Ke8
23.Rh3 Qe7 24.Nc4 Nxc4 25.Rh8+ Kd7 26.Rxa8 Nxe5 27.Qxe7+ Kxe7 28.Rb8 b5 29.Rb6 Rd2
30.b3 c4 31.bxc4 bxc4 32.Rxa6 Rc2 33.a4 Rxc3 34.Rb6 Rd3 35.a5 c3 36.Rb3 Nc6
37.a6 Nd4 38.Rxc3 Rxc3 39.a7 Rc8 40.a8=Q Rxa8 41.Rxa8 Kf6 42.f3 Nf5 43.Kf2 Ng7
44.Ra6 g5 45.Ke3 Nf5+ 46.Ke4 Ne7 47.g3 Ng6 48.Ra5 Ne7 49.f4 gxf4 50.Kxf4 Ng6+
51.Ke4 Kg7 52.Ra7 Nf8 53.h4 Kg6 54.g4 Nh7 55.g5 Nf8 56.Ke5 Nh7 57.Kf4 Nf8
58.Kg4 f5+ 59.gxf6 Kxf6 60.h5 e5 61.Ra6+ Kg7 62.Kf5 Nh7 63.h6+ Kg8 64.Ra8+ Kf7
65.Ra7+ Kg8 66.Rg7+ Kh8 67.Rf7  1-0

[Event "Robson-Finegold Rapid Match"]
[Site "Saint Louis USA"]
[Date "2011.05.24"]
[Round "1"]
[White "Finegold,B"]
[Black "Robson,R"]
[Result "1-0"]
[WhiteElo "2494"]
[BlackElo "2545"]

1.e4 c5 2.Nf3 d6 3.Bb5+ Bd7 4.Bxd7+ Qxd7 5.O-O Nf6 6.e5 dxe5 7.Nxe5 Qc8 8.Na3 g6
9.Nac4 Bg7 10.Qf3 O-O 11.Re1 Na6 12.c3 Nc7 13.d3 Ne6 14.a4 Nd7 15.Ng4 Nf6
16.Nh6+ Kh8 17.Ne5 Nd8 18.a5 a6 19.Ra4 Rb8 20.Rh4 Qc7 21.Bf4 Qxa5 22.Nc4 Qa4
23.Bxb8 b5 24.b3 Qxb3 25.Ne5 Qxc3 26.Rf1 Nh5 27.Nd7 Re8 28.Nxf7+ Kg8 29.Be5 Bxe5
30.Nfxe5  1-0

[Event "Chinese League"]
[Site "Chengdu CHN"]
[Date "2011.05.26"]
[Round "4"]
[White "Yu Ruiyuan"]
[Black "Zhao Jun"]
[Result "0-1"]
[WhiteElo "2439"]
[BlackElo "2580"]

1.e4 c5 2.Nf3 d6 3.Bb5+ Nc6 4.d4 cxd4 5.Qxd4 Bd7 6.Bxc6 Bxc6 7.c4 Nf6 8.Nc3 g6
9.O-O Bg7 10.Qd3 O-O 11.h3 Nd7 12.Be3 Nc5 13.Bxc5 dxc5 14.Qe3 b6 15.Rfe1 Qc8
16.e5 Qb7 17.Rad1 Rad8 18.b3 Rfe8 19.Rd3 Qa8 20.Ne4 Rxd3 21.Qxd3 Rd8 22.Qe3 Qc8
23.Ng3 Qb7 24.Re2 Bxf3 25.gxf3 Rd4 26.f4 Bh6 27.Ne4 Qd7 28.Qf3 Qf5 29.Qe3 Qd7
30.Qf3 Qf5 31.Nc3 Rxf4 32.Qa8+ Kg7 33.Nd5 Rh4  0-1

[Event "TCh-FRA Top 12 2011"]
[Site "Mulhouse FRA"]
[Date "2011.05.26"]
[Round "1.6"]
[White "Nezar,M"]
[Black "Moussard,J"]
[Result "1/2-1/2"]
[WhiteElo "2405"]
[BlackElo "2422"]

1.e4 c5 2.Nf3 d6 3.Bb5+ Nd7 4.d4 cxd4 5.Qxd4 a6 6.Bxd7+ Bxd7 7.Bg5 Qc7 8.Nc3 e6
9.O-O f6 10.Be3 Ne7 11.Nd2 Nc6 12.Qb6 Qxb6 13.Bxb6 g5 14.Nc4 Ne5 15.Na5 Rc8
16.Rfd1 Nc4 17.Nxc4 Rxc4 18.Rd4 Rxd4 19.Bxd4 Be7 20.Bb6 Kf7 21.Rd1 Rc8 22.f3 Rc6
23.Ba5 b6 24.Bb4 a5 25.Ba3 Bc8 26.Rd2 Ba6 27.Ne2 Bxe2 28.Rxe2 b5 29.b3 e5
30.Kf2 Ke6 31.Rd2 b4 32.Bb2 Rc5 33.g4 Bd8 34.Ke2 Bb6 35.Kd3 d5 36.a3 d4 37.a4 Rc8  1/2-1/2

[Event "Zonal 3.3 Women"]
[Site "Tagaytay City PHI"]
[Date "2011.05.26"]
[Round "4"]
[White "Kadek,I"]
[Black "Pham Thi Thu Hien"]
[Result "0-1"]
[WhiteElo "1919"]
[BlackElo "2117"]

1.e4 c5 2.Nf3 d6 3.Bb5+ Bd7 4.Bxd7+ Nxd7 5.d4 cxd4 6.Qxd4 Ngf6 7.Nc3 g6 8.Bg5 Bg7
9.Qe3 O-O 10.O-O Qb6 11.Rab1 Qxe3 12.Bxe3 Rfc8 13.Bd4 Nc5 14.Bxf6 Bxf6 15.Nd5 Nxe4
16.Rfe1 e6 17.Rxe4 exd5 18.Re2 Rc5 19.c3 a5 20.Rd1 b5 21.a3 Rb8 22.Red2 b4
23.cxb4 axb4 24.a4 b3 25.Kf1 Rc2 26.Rb1 Kf8 27.Ke2 Ke7 28.Kd3 Rc4 29.Ra1 Rbb4
30.Ra3 Rc6 31.a5 Ra6 32.h3 Rb5 33.Re2+ Kd7 34.Nd2 Bxb2 35.Rxb3 Raxa5 36.Kc2 Be5
37.Rxb5 Rxb5 38.Re1 Rb2+ 39.Kd3 Bf4 40.Re2 Rxd2+ 41.Rxd2 Bxd2 42.Kxd2 Ke6
43.Ke3 g5 44.g3 Ke5 45.f3 d4+ 46.Kd3 f5 47.h4 gxh4 48.f4+ Kd5 49.gxh4 h5  0-1

[Event "Zonal 3.3 Women"]
[Site "Tagaytay City PHI"]
[Date "2011.05.27"]
[Round "6"]
[White "Neo,X"]
[Black "Bayarmaa,B"]
[Result "0-1"]
[WhiteElo "1869"]
[BlackElo "2012"]

1.e4 c5 2.Nf3 d6 3.Bb5+ Bd7 4.Bxd7+ Nxd7 5.d4 cxd4 6.Nxd4 Ngf6 7.Nc3 e6 8.O-O Be7
9.b3 Rc8 10.Bb2 a6 11.a4 Qa5 12.Qf3 O-O 13.Rad1 Rc5 14.Na2 Rh5 15.Ne2 Ne5
16.Qc3 Qb6 17.Ng3 Rh4 18.Qe1 Rc8 19.Bd4 Qc7 20.f4 Nc6 21.Bb2 Ng4 22.h3 Qb6+
23.Kh1 Ne3 24.f5 Nxf1 25.f6 Bxf6 26.Bxf6 gxf6 27.Nxf1 Rh6 28.Rxd6 Rg6 29.Ne3 Rd8
30.Nc4 Qc7 31.Rxd8+ Qxd8 32.Nc3 Rg5 33.Ne2 b5 34.axb5 axb5 35.Ne3 Kg7 36.Nf4 Kf8
37.Qh4 Qd2 38.Qh6+ Ke7 39.Nh5 Qe1+ 40.Kh2 Rxh5  0-1

[Event "ch-Siberia Men"]
[Site "Barnaul RUS"]
[Date "2011.05.28"]
[Round "9"]
[White "Mokhov,V"]
[Black "Loskutov,O"]
[Result "1/2-1/2"]
[WhiteElo "2287"]
[BlackElo "2437"]

1.e4 c5 2.Nf3 d6 3.Bb5+ Bd7 4.Bxd7+ Qxd7 5.O-O Nf6 6.Re1 Nc6 7.c3 e6 8.d4 cxd4
9.cxd4 d5 10.e5 Ne4 11.Nbd2 Nxd2 12.Bxd2 Be7 13.Bg5 Bxg5 14.Nxg5 h6 15.Nf3 O-O-O
16.Qd3 Kb8 17.Nd2 Rc8 18.Rac1 f6 19.exf6 gxf6 20.Nb3 e5 21.Nc5 Qd6 22.Qb5 b6
23.dxe5 fxe5 24.Red1 Rhd8 25.Nb3 d4 26.a4 Ka8 27.Nd2 Qd5 28.Nc4 e4 29.Qxd5 Rxd5
30.Nd2 e3 31.fxe3 dxe3 32.Ne4 Rxd1+ 33.Rxd1 Ne5 34.Nc3 Nc4 35.Re1 Rd8 36.Re2 Rd3
37.g3 Nxb2 38.Rxb2 Rxc3 39.Kg2 Rc4 40.a5 bxa5 41.Kf3 a4 42.Kxe3 a3 43.Ra2 Rc3+
44.Kd4 Rb3 45.Kc4 Rb2 46.Rxa3 Rxh2 47.Ra6 Kb7 48.Rg6 Rc2+ 49.Kd5 Rh2 50.Kc5 Rh5+
51.Kb4 a6 52.Kc4 a5 53.Rf6 Kc7 54.Ra6 Kd7 55.g4 Rh4 56.Rxa5 Rxg4+ 57.Kd3 Rf4
58.Ra7+ Ke8 59.Ke3 Rf6 60.Ke4 Kf8  1/2-1/2

[Event "TCh-SLO"]
[Site "Ljubljana SLO"]
[Date "2011.05.28"]
[Round "2"]
[White "Zupe,M"]
[Black "Gruskovnjak,T"]
[Result "1/2-1/2"]
[WhiteElo "2338"]
[BlackElo "2378"]

1.e4 c5 2.Nf3 d6 3.Bb5+ Nc6 4.c3 Bd7 5.O-O a6 6.Ba4 e5 7.Re1 Be7 8.h3 b5
9.Bc2 g5 10.d4 cxd4 11.cxd4 g4 12.d5 Nb4 13.hxg4 Nxc2 14.Qxc2 Bxg4 15.Nh2 Bd7
16.Nc3 h5 17.a3 Nf6 18.Bg5 Nh7 19.Bd2 Rg8 20.Qd3 Bg5 21.Kh1 Qf6 22.Bxg5 Qxg5
23.Rg1 Nf6 24.Raf1 Rc8 25.g3 Bh3 26.Re1 Ng4 27.Qe2 Rc4 28.f3 Nf6 29.Qe3 Qxe3
30.Rxe3 Ke7 31.Ree1 Bd7 32.Kg2 a5 33.Kf2 b4 34.axb4 axb4 35.Nd1 Rc2+ 36.Re2 Rgc8
37.Ne3 Rc1 38.Rxc1 Rxc1 39.Re1 Rc7 40.Ra1 Rb7  1/2-1/2

[Event "TCh-SLO"]
[Site "Ljubljana SLO"]
[Date "2011.05.28"]
[Round "2"]
[White "Kovacevic,A"]
[Black "Doric,D"]
[Result "1/2-1/2"]
[WhiteElo "2575"]
[BlackElo "2456"]

1.e4 c5 2.Nf3 d6 3.Bb5+ Bd7 4.Bxd7+ Qxd7 5.c4 Nc6 6.Nc3 g6 7.d4 cxd4 8.Nxd4 Bg7
9.Be3 Nf6 10.f3 O-O 11.O-O Rfc8 12.b3 e6 13.Rc1 d5 14.cxd5 exd5 15.Nxc6 bxc6
16.Bd4 dxe4 17.Bxf6 Qxd1 18.Rfxd1 Bxf6 19.Nxe4 Be7 20.Rd7 Kf8 21.Kf1 a5 22.a4 Ke8
23.Rd3 Ra7 24.Ke2 Rd7 25.g4 Rxd3 26.Kxd3 Rd8+ 27.Ke3 Rb8 28.Rc3 h6 29.Kf4 Kd7
30.Ke5 Kc7 31.Rd3 Re8 32.h3 Bh4+  1/2-1/2

[Event "Orlova WGM"]
[Site "Orlova CZE"]
[Date "2011.05.28"]
[Round "8.5"]
[White "Olsarova,K"]
[Black "Doluhanova,E"]
[Result "1-0"]
[WhiteElo "2242"]
[BlackElo "2225"]

1.e4 c5 2.Nf3 d6 3.Bb5+ Nc6 4.Bxc6+ bxc6 5.O-O Bg4 6.d3 e5 7.Nbd2 Be7 8.c3 Nf6
9.h3 Bxf3 10.Nxf3 O-O 11.Re1 Nd7 12.d4 Rb8 13.dxe5 Nxe5 14.Nxe5 dxe5 15.b3 c4
16.bxc4 Qa5 17.Qc2 Qa6 18.Be3 Qxc4 19.Bxa7 Rb7 20.Be3 Ra8 21.a4 Rb3 22.a5 Rxc3
23.Qa4 Qxa4 24.Rxa4 Ra3 25.Ra1 Rxa4 26.Rxa4 Ra6 27.Bb6 Kf8 28.Kf1 Ke8 29.Ke2 Bd8
30.Bxd8 Kxd8 31.Kd3 Kc7 32.Kc4 Ra8 33.Kc5 Ra6 34.Ra3 f6 35.Kb4 Ra8 36.Rg3 Rb8+
37.Kc4 g6 38.Rf3 Rf8 39.Kc5 Ra8 40.Kb4 Rb8+ 41.Ka4 Kd6 42.Rxf6+ Kc5 43.Rf7 Rb2
44.Ka3 Rb5 45.Rxh7 Rxa5+ 46.Kb3 Kd4 47.Rg7 Rb5+ 48.Kc2 Ra5 49.Kb3 Rb5+ 50.Kc2 Ra5
51.Kb2 Rb5+ 52.Kc1 c5 53.Rxg6 Kxe4 54.Rd6 Rb8 55.f3+ Kf4 56.Kc2 Ra8 57.Kb3 Ke3
58.Kc4 Ra2 59.Rg6 Rc2+ 60.Kb3 Rc1 61.h4 c4+ 62.Kb2 Rh1 63.Re6 Kd4 64.Rd6+ Ke3
65.Rd5 e4 66.Re5 Kd3 67.Rd5+ Ke3 68.Kc3 Rc1+ 69.Kb4 c3 70.fxe4 Kxe4 71.Rg5 Kd3
72.Rd5+ Kc2 73.h5 Kb2 74.Kc4 Rh1 75.Rb5+ Kc2 76.g3 Kd2 77.Rd5+ Kc2 78.Rd3 Rxh5
79.Rxc3+ Kd2 80.Kd4 Rg5 81.Ra3 Ke2 82.Ke4 Kf2 83.Kf4 Rg8 84.Ra2+ Kg1 85.g4  1-0

[Event "TCh-FRA Top 12 2011"]
[Site "Mulhouse FRA"]
[Date "2011.05.31"]
[Round "6"]
[White "Congiu,M"]
[Black "Muller,Ann"]
[Result "1/2-1/2"]
[WhiteElo "2237"]
[BlackElo "2152"]

1.e4 c5 2.Nf3 d6 3.Bb5+ Nc6 4.O-O Bd7 5.Re1 e5 6.c3 Nf6 7.d4 Qc7 8.Bg5 Be7
9.d5 Nb8 10.a4 O-O 11.Nbd2 h6 12.Bxf6 Bxf6 13.Bxd7 Nxd7 14.Nc4 b6 15.Qd3 g6
16.g4 a6 17.Ne3 Rab8 18.Qxa6 Bg7 19.Qd3 Nf6 20.h3 Qd7 21.Kg2 h5 22.g5 Nh7
23.Rg1 f6 24.h4 fxg5 25.Nxg5 Nxg5 26.hxg5 Rf4 27.f3 Rbf8 28.Raf1 Qd8 29.Kf2 Rxf3+
30.Ke2 Rxf1 31.Nxf1 Qd7 32.b3 c4 33.bxc4 Rf4 34.Nd2 Qxa4 35.Qh3 Kh7 36.Qe3 Qa6
37.Rb1 Qc8 38.Rxb6 Qg4+ 39.Kd3 h4 40.Rb1 Qxg5 41.c5  1/2-1/2

[Event "TCh-FRA Top 12 2011"]
[Site "Mulhouse FRA"]
[Date "2011.05.31"]
[Round "6"]
[White "Adla,D"]
[Black "Vachier Lagrave,M"]
[Result "0-1"]
[WhiteElo "2507"]
[BlackElo "2731"]

1.e4 c5 2.Nf3 d6 3.Bb5+ Nc6 4.Bxc6+ bxc6 5.O-O Bg4 6.h3 Bh5 7.c3 Nf6 8.d3 e6
9.Nbd2 Be7 10.Re1 Nd7 11.Qc2 O-O 12.b4 d5 13.bxc5 Nxc5 14.Ne5 Rc8 15.d4 f6
16.Ng4 Nxe4 17.Nxe4 dxe4 18.Qxe4 Bf7 19.Ne3 Re8 20.Rd1 Qa5 21.c4 Qa4 22.Bb2 Qb4
23.Qc2 Bg6 24.Qc3 Rb8 25.Qxb4 Bxb4 26.d5 cxd5 27.cxd5 Bf8 28.Bc3 Rec8 29.Be1 Ba3
30.dxe6 Bb2 31.Nd5 Re8  0-1

[Event "TCh-BUL GpA Men"]
[Site "Albena BUL"]
[Date "2011.06.02"]
[Round "1.2"]
[White "Bojkov,D"]
[Black "Georgiev,Kr"]
[Result "1/2-1/2"]
[WhiteElo "2542"]
[BlackElo "2423"]

1.e4 c5 2.Nf3 d6 3.Bb5+ Bd7 4.Bxd7+ Qxd7 5.c4 e5 6.Nc3 g6 7.a3 Nc6 8.O-O Bg7
9.b4 Nge7 10.bxc5 dxc5 11.Nd5 O-O 12.d3 Nd8 13.a4 Nec6 14.a5 Ne6 15.Qa4 Kh8
16.Be3 f5 17.exf5 gxf5 18.Rab1 Rf7 19.Rfe1 Rg8 20.Kh1 Qd6 21.Bd2 Ned4 22.Nxd4 Nxd4
23.Be3 e4 24.Bf4 Qg6 25.Qd1 Bh6 26.Be5+ Bg7 27.Bf4 Bh6 28.Be5+ Bg7 29.Bf4 Bh6
30.Be5+ Bg7 31.Bf4  1/2-1/2

[Event "3rd Orissa Open"]
[Site "Bhubaneswar IND"]
[Date "2011.06.02"]
[Round "7"]
[White "Stany,G"]
[Black "Bakre,T"]
[Result "1-0"]
[WhiteElo "2407"]
[BlackElo "2518"]

1.e4 c5 2.Nf3 d6 3.Bb5+ Bd7 4.Bxd7+ Qxd7 5.O-O Nc6 6.c3 Nf6 7.Re1 e6 8.d4 cxd4
9.cxd4 d5 10.e5 Ne4 11.Nbd2 Nxd2 12.Bxd2 Be7 13.Rc1 O-O 14.Rc3 Rfc8 15.a3 b5
16.Rd3 Qd8 17.h4 b4 18.Ng5 h6 19.Nh3 bxa3 20.bxa3 Qf8 21.Qg4 Kh7 22.Ree3 Nd8
23.Rf3 Rc2 24.Nf4 Rb8 25.Ng6 Qe8 26.Nxe7 Qxe7 27.Bb4 Qe8 28.Rg3 Qg8 29.Qd1 Rc4
30.Be7 Rbc8 31.Kh2 Rc1 32.Qf3 Re1 33.Bf6 g6 34.Rc3 Nc6 35.Rg4 Qe8 36.h5 Rb8
37.Qh3 g5 38.Qd3+ Kg8 39.Qd2 Re4 40.Rxg5+ Kf8 41.Rg8+  1-0

[Event "18th Ratten Open"]
[Site "Ratten AUT"]
[Date "2011.06.02"]
[Round "1.1"]
[White "Reubel,Max"]
[Black "Schein,KH"]
[Result "1/2-1/2"]
[WhiteElo "2068"]
[BlackElo "2208"]

1.e4 c5 2.Nf3 d6 3.Bb5+ Nc6 4.Bxc6+ bxc6 5.O-O e5 6.d3 Nf6 7.Nbd2 Be7 8.b3 O-O
9.Bb2 Ne8 10.Ne1 f5 11.exf5 Bxf5 12.f4 exf4 13.Rxf4 Bg5 14.Rf1 d5 15.Kh1 Nd6
16.Nef3 Be3 17.Qe1 d4 18.Ne5 Qc7 19.Ndc4 Nxc4 20.Nxc4 Bf4 21.Qh4 Be6 22.Rae1 Bd5
23.Bc1 Bxc1 24.Rxc1 Rae8 25.Rxf8+ Rxf8 26.Re1 Qf7 27.Kg1 h6 28.Nd2 Qg6 29.Re2 Kh7
30.Qe7 Qf5 31.Ne4 Qg4 32.h3 Qf4 33.a4 Rf7 34.Qe8 Qc1+ 35.Kh2 Rf1 36.Ng3 Qf4
37.Qe5 Qxe5 38.Rxe5 Rf2 39.Re2 Rxe2 40.Nxe2 Kg6 41.Kg3 Kf5 42.Kf2 Ke5 43.g3 g5
44.Ng1 Kf5 45.Ne2 Ke5  1/2-1/2

[Event "TCh-SLO"]
[Site "Maribor SLO"]
[Date "2011.06.03"]
[Round "4"]
[White "Zupe,M"]
[Black "Justin,M"]
[Result "1/2-1/2"]
[WhiteElo "2338"]
[BlackElo "2339"]

1.e4 c5 2.Nf3 d6 3.Bb5+ Nd7 4.a4 Nf6 5.Nc3 g6 6.e5 dxe5 7.Nxe5 Bg7 8.O-O O-O
9.Nxd7 Bxd7 10.Qe2 Rc8 11.Bxd7 Qxd7 12.d3 e6 13.Bd2 Nd5 14.Nxd5 exd5 15.c3 Rfe8
16.Qf3 Rc6 17.Rfe1 Rce6 18.Rxe6 Rxe6 19.h3 h5 20.Qd1 Qc6 21.Qc2 a6 22.Re1 Rxe1+
23.Bxe1 b5 24.axb5 axb5 25.Qe2 c4 26.Bd2 Qd7 27.dxc4 dxc4 28.Be3 Qd5 29.f3 Kh7
30.Qc2 Bh6  1/2-1/2

[Event "TCh-BUL GpA Men"]
[Site "Albena BUL"]
[Date "2011.06.04"]
[Round "3.2"]
[White "Ninov,N"]
[Black "Grigorov,G"]
[Result "1/2-1/2"]
[WhiteElo "2513"]
[BlackElo "2497"]

1.e4 c5 2.Nf3 d6 3.Bb5+ Bd7 4.Bxd7+ Qxd7 5.O-O Nf6 6.Re1 Nc6 7.c3 e6 8.d4 cxd4
9.cxd4 d5 10.e5 Ne4 11.Nbd2 Nxd2 12.Bxd2 Be7 13.Rc1 O-O 14.Bg5 Rac8 15.Bxe7 Nxe7
16.Re3 Rxc1 17.Qxc1 Rc8 18.Rc3 h6 19.Rxc8+ Qxc8 20.Qxc8+ Nxc8 21.Ne1 Ne7
22.f4 Nc6 23.Nc2 h5 24.g3 Kf8 25.Kf2 Ke7 26.Ke3 g6 27.Kd3 Kd7 28.Kc3 b6 29.b3 Ne7
30.Ne1 Nc6 31.Nf3 a5 32.a3  1/2-1/2

[Event "TCh-FRA Top 12 2011"]
[Site "Mulhouse FRA"]
[Date "2011.06.04"]
[Round "10"]
[White "Bailet,P"]
[Black "Dubessay,B"]
[Result "1/2-1/2"]
[WhiteElo "2429"]
[BlackElo "2325"]

1.e4 c5 2.Nf3 d6 3.Bb5+ Nd7 4.O-O Nf6 5.Re1 a6 6.Bf1 g6 7.c3 Bg7 8.d4 O-O
9.d5 b6 10.a4 Bb7 11.c4 Qc7 12.Nc3 Rae8 13.Bf4 Nh5 14.Bg5 h6 15.Be3 e6 16.dxe6 Rxe6
17.Bd3 Nhf6 18.Nd5 Bxd5 19.exd5 Re7 20.Qc2 Ng4 21.Bd2 Nge5 22.Nxe5 Nxe5 23.Bf1 Rfe8
24.a5 bxa5 25.Bxa5 Qb7 26.h3 Bf6 27.Bc3 Qc8 28.Re3 Nd7 29.Rxe7 Rxe7 30.Bxf6 Nxf6
31.Bd3 Nd7 32.Bxg6 fxg6 33.Qxg6+ Rg7 34.Qxd6 Nf8 35.Qxh6 Rg6 36.Qe3 Qb7 37.b3 Qg7
38.Re1 Rxg2+ 39.Kh1 Rg6 40.Qxc5 Qf7 41.Qe3 Qf5 42.Rg1 Rxg1+ 43.Kxg1 Nd7 44.Kg2 a5
45.f4 Nf6 46.Qe6+ Qxe6 47.dxe6 Ne4 48.h4 Nc5 49.f5 Nxb3 50.h5 Nd4 51.e7 Kf7
52.h6 Nxf5 53.h7 Nh4+ 54.Kf2 Ng6 55.Ke3 Kxe7 56.Kd4 Kd6 57.Kc3 Kc5  1/2-1/2

[Event "TCh-FRA Top 12 2011"]
[Site "Mulhouse FRA"]
[Date "2011.06.04"]
[Round "10"]
[White "Skripchenko,A"]
[Black "Collas,S"]
[Result "1/2-1/2"]
[WhiteElo "2462"]
[BlackElo "2315"]

1.e4 c5 2.Nf3 d6 3.Bb5+ Bd7 4.Bxd7+ Qxd7 5.O-O Nc6 6.Qe2 Nf6 7.c3 e5 8.Rd1 Qg4
9.d3 h6 10.Nbd2 Be7 11.Nf1 Qe6 12.Ng3  1/2-1/2

[Event "Fynsmesterskabet 2011"]
[Site "Odense DEN"]
[Date "2011.06.04"]
[Round "7.23"]
[White "Grau,P"]
[Black "Nord,M"]
[Result "1-0"]
[WhiteElo "2101"]
[BlackElo "1974"]

1.e4 c5 2.Nf3 d6 3.Bb5+ Bd7 4.Bxd7+ Nxd7 5.c4 Ngf6 6.Nc3 g6 7.d4 cxd4 8.Nxd4 Bg7
9.Be3 O-O 10.Rc1 a5 11.O-O Nc5 12.f3 Nfd7 13.Qe2 Re8 14.Kh1 Nf8 15.Rfd1 b6
16.f4 Qb8 17.Qf3 e5 18.Ndb5 exf4 19.Bxf4 Be5 20.Nxd6 Bxf4 21.Qxf4 Re7 22.Nd5 Rea7
23.Nf6+  1-0

[Event "IV Sudety Open"]
[Site "Szklarska Poreba POL"]
[Date "2011.06.04"]
[Round "9"]
[White "Zeberski,J"]
[Black "Musialkiewicz,J"]
[Result "1/2-1/2"]
[WhiteElo "2395"]
[BlackElo "2128"]

1.e4 c5 2.Nf3 d6 3.Bb5+ Bd7 4.Bxd7+ Qxd7 5.c4 Nf6 6.Nc3 g6 7.d4 cxd4 8.Nxd4 Bg7
9.h3 O-O 10.O-O Rc8 11.b3 d5  1/2-1/2

[Event "TCh-BIH 2011"]
[Site "Neum BIH"]
[Date "2011.06.05"]
[Round "2.2"]
[White "Sekulic,V"]
[Black "Jelcic,Marko"]
[Result "1/2-1/2"]
[WhiteElo "2295"]
[BlackElo "2126"]

1.e4 c5 2.Nf3 d6 3.Bb5+ Bd7 4.Bxd7+ Qxd7 5.O-O Nc6 6.c3 d5 7.exd5 Qxd5 8.d4 e6
9.Be3 Rd8 10.Qa4 c4 11.Nbd2 b5 12.Qc2 Bd6 13.b3 Na5 14.bxc4 Nxc4 15.a4 a6
16.axb5 axb5 17.Nxc4 Qxc4 18.Rfb1 Nf6 19.Qb3 O-O 20.Qxc4 bxc4 21.Bg5 Ra8
22.Bxf6 gxf6 23.Nd2 Rxa1 24.Rxa1 Rc8 25.Ra4 Rb8 26.g3 Be7 27.Rxc4 Rb2 28.Ne4 f5
29.Nc5 Bxc5 30.Rxc5 Kg7 31.Kg2 Kf6 32.Kf3 Rc2 33.Rc7 h5 34.h4 Rd2 35.Ke3 Rc2
36.Rc6 Ke7 37.f3 Kd7 38.Rc5 f6 39.Kf4 Kd6 40.Rc8 Kd7 41.Rc5 Kd6 42.Rc4 Rc1
43.Rc5 Rc2 44.Rc8 Kd7 45.Rc4 Kd6 46.g4 fxg4 47.fxg4 hxg4 48.Kxg4 f5+ 49.Kf3 Rh2
50.Kg3 Rh1 51.Ra4 Kd5 52.Ra5+ Kc4 53.Rc5+ Kd3 54.d5 exd5 55.Rxd5+ Ke4 56.Kg2 Rc1
57.Rd4+ Ke3 58.Rd8 Rxc3 59.Re8+ Kf4 60.h5 Rg3+ 61.Kf2 Rh3 62.Ra8 Rh2+ 63.Kg1 Rxh5
64.Ra4+ Kg3 65.Ra3+ Kg4 66.Ra4+ f4 67.Ra3 Re5 68.Kf2 Rb5 69.Rc3 Rb2+ 70.Kf1  1/2-1/2

[Event "TCh-BIH 2011"]
[Site "Neum BIH"]
[Date "2011.06.05"]
[Round "2.5"]
[White "Mrkonjic,N"]
[Black "Runic,Z"]
[Result "1/2-1/2"]
[WhiteElo "2359"]
[BlackElo "2403"]

1.e4 c5 2.Nf3 d6 3.Bb5+ Nd7 4.O-O a6 5.Bd3 Ngf6 6.c3 b5 7.Bc2 Bb7 8.Re1 Qc7
9.d3 g6 10.Nbd2 Bg7 11.Nf1 O-O 12.Ng3 Rac8 13.h4 e5 14.Ng5 d5 15.h5 c4 16.hxg6 hxg6
17.exd5 cxd3 18.Bxd3 Nc5 19.Bc2 Rfd8 20.Qe2 Nxd5 21.N3e4 Nxe4 22.Bxe4 Qc6
23.f3 f6 24.Nh3 f5 25.Bxd5+ Rxd5 26.Be3 Rcd8 27.Rad1 Qd7 28.Nf2 Qc7 29.a3 Bf6
30.Rxd5 Bxd5 31.Rd1 Bc4 32.Rxd8+ Qxd8 33.Qd2 Kf7 34.Qc2 Qd5 35.Qc1 Be7 36.Bg5 Bd6
37.Bh4 Bf8 38.Qg5 Qe6 39.Qd8 Qd6 40.Qg5 Bd5 41.Qe3 Bc6 42.Bg5 Qc5 43.Qd2 Bd6
44.Bh4 e4 45.Qh6 Bf8 46.Qg5 Qd6 47.Qe3 exf3 48.gxf3 Qc5 49.Qg5 Qe5 50.Kg2 Bc5
51.Qd2 Bd6 52.Qg5 Bd5 53.Bg3 Be7 54.Qxg6+ Kxg6 55.Bxe5 Bg5 56.Nd3 Bc4 57.Nc5 a5
58.f4 Be7 59.Bd4 Kf7 60.Kf2 Bxc5 61.Bxc5 Ke6 62.Bb6  1/2-1/2